000 00385pab a2200145 454500
008 180718b2004 xxu||||| |||| 00| 0 eng d
100 _aSridhar, Kala S.
245 _aGenerating employment: how will schemes be financed?
260 _c2004
300 _ap.3781-782.
362 _a21 Aug
650 _aEmployment creation
773 _aEconomic and Political Weekly
909 _a62176
999 _c62176
_d62176